5HLuxD.jpg

KING HENRY VIII SENIOR AND PRIMARY SCHOOL LIBRARY OPAC

WHAT DO YOU DO IF YOU WORK AT THE ZOO? (Record no. 4743)

000 -LEADER
fixed length control field 00353nam a22001217a 4500
008 - FIXED-LENGTH DATA ELEMENTS--GENERAL INFORMATION
fixed length control field 250313b ||||| |||| 00| 0 eng d
020 ## - INTERNATIONAL STANDARD BOOK NUMBER
International Standard Book Number 9780544387591
082 ## - DEWEY DECIMAL CLASSIFICATION NUMBER
Classification number 636 JEN
100 ## - MAIN ENTRY--PERSONAL NAME
Personal name JENKINS,STEVE
Relator term AUTHOR
245 ## - TITLE STATEMENT
Title WHAT DO YOU DO IF YOU WORK AT THE ZOO?
260 ## - PUBLICATION, DISTRIBUTION, ETC.
Place of publication, distribution, etc. 195 BROADWAY,NEW YORK,NY 10007
Name of publisher, distributor, etc. HARPERCOLLINS PUBLISHERS
Date of publication, distribution, etc. 2020
942 ## - ADDED ENTRY ELEMENTS (KOHA)
Source of classification or shelving scheme
Holdings
Withdrawn status Lost status Source of classification or shelving scheme Damaged status Not for loan Collection code Permanent Location Current Location Shelving location Date acquired Total Checkouts Full call number Barcode Date last seen Date last checked out Price effective from Koha item type Public note
          Non-Fiction KH8 Primary School Library KH8 Primary School Library Non Fiction 2025-03-13 4 636 JEN KHPL000006560 2025-12-05 2025-11-24 2025-03-13 Books - Non Ficton KH8 PRIMARY LIBRARY

Powered By KH8 IT Dept